000 01530nam a2200265 a 4500
001 000006490
005 20250407130756.0
008 090831s1999 dr abc 001 0 spa d
020 _a8484003094
040 _aDO-SdBNP
_bspa
_cBNPHU
082 _a333.72
_bC691m
245 0 0 _aColección de módulos :
_beducación ambiental costero marina /
_ceditora Mónica B. Vega ; prólogo Francisco Gerales.
260 _aSanto Domingo :
_bMamma,
_c1999.
300 _a191 p. :
_bil. , gráf. , map ;
_c27 cm.
505 0 _aMedio ambiente y ser humano / Angela Hernández y Mónica B. Vega -- El Parque Nacional Submarino La Caleta y su fauna y flora / Mónica B. Vega -- Contaminación ambiental y el parque nacional submarino La Caleta / Faustina Valera -- Areas protegidas (parques nacionales y reservas científicas) / Bienvenido Marchena -- Los arrecifes de Coral / Mónica B. Vega -- Turismo y medio ambiente. Un gran desafío / Noris Pimentel -- La pesca y el buceo / Mónica B. Vega -- Las comunidades prehispánicas en la Isla de Santo Domingo. La Caleta y areas periféricas / Domingo Abréu.
590 _aInventariado, 2018/LP
650 4 _aEducación ambiental
_zRepública Dominicana
_910804
650 4 _aMedio ambiente marino
_917981
650 0 _aÁreas protegidas
_97050
650 4 _aHombres
_xInfluencia del medio ambiente
_917982
650 4 _aContaminación del aire
_917983
700 1 2 _aVega, Mónica B.,
_eed.
_917984
700 0 _aGeraldes, Francisco,
_epról.
_917985
910 _aValidado. Control de calidad. MFF
999 _c6281
_d6281